Газар хөдлөлт ба галт уулс (Бичлэгийн дугаар. 876641)

MARC дэлгэрэнгүй
000 -Удирдлага
Ном зүйн бүртгэл тоо буюу кодлох утгыг агуулсан 00824 a2200217 4500
008 - ЕРӨНХИЙ МЭДЭЭЛЭЛ-ЭЛЕМЕНТҮҮДИЙН ӨГӨГДЛИЙН УРТ
fixed length control field 240605b mp ||||| |||| 00| 0 mon d
035 ## - СИСТЕМИЙН ХЯНАЛТЫН ДУГААР
Системийн хяналтын дугаар 4216
040 ## - ЭХ СУРВАЛЖИЙГ ТОДОРХОЙЛОН БИЧИХ
Анхны каталогийн байгууллага HE0623081
Каталогийн хэл Монгол
Бичлэг хийж нэвтрүүлэх байгууллага MN-UlNLM
Өөрчлүүлэх байгууллага MN-UlNLM
Бичиглэлийн тодорхойлолт rda
041 ## - ХЭЛНИЙ КОД
Текстийн хэлний код/фонограм буюу салангид гарчиг Монгол
042 ## - AUTHENTICATION CODE
Authentication code 6811
084 ## - БУСАД АНГИЛЛЫН ДУГААР
Ангиллын нэр Номын сан номзүйн ангилал
Анги 26.325
Зохиогчийн 3-н тэмдэгт У.431
100 ## - ЗОХИОГЧИЙН ХЭСЭГ
Зохиогчийн нэр Уотт Ф.
245 #0 - ҮНДСЭН ГАРЧИГ
Гарчиг Газар хөдлөлт ба галт уулс
264 ## - ГАРАЛТЫН МЭДЭЭ
Хэвлэгдсэн газар УБ.
Бүтээгч, хэвлэгч, түгээгч, үйлдвэрлэгчийн нэр Монсудар
Хэвлэгдсэн он 2001
300 ## - ТООНЫ МЭДЭЭ
Хуудасны тоо 31х.
336 ## - АГУУЛГЫН ТӨРӨЛ
Нөөц rdacontent
Агуулгын төрлийн нөхцөл text
Агуулгын төрлийн код txt
337 ## - MEDIA TYPE
Эх сурвалж rdamedia
Файлын төрөл unmediated
Файлын код n
338 ## - CARRIER TYPE
Source rdacarrier
Carrier type term volume
Carrier type code nc
650 ## - Сэдэв
Сэдэв Газар хөдлөлт ба галт уулс шинжлэх ухаан танин мэдэхүйн хүрээлэн буй орчны нэвтэрхий толь цувралыг уншин судлах нь шинжлэх ухаан...
942 ## - ЭЛЕМЕНТИЙН ТӨРӨЛ
Анги Номын сан номзүйн ангилал
Төрөл Ном
Захиалгууд
Буцаан татагдсан төлөв Хасагдсан шалтгаан Гэмтсэн төлөв Данс заагч Захиалах боломжгүй Үндсэн номын сан Одоогийн байршил Салбар танхим Салбар танхим Бүртгэсэн огноо Тавиурын заалт Баркод Үнэ Хамгийн сүүлд байсан огноо Нийт уншлаганд гарсан тоо Дансны дугаар Төрөл
          Хэнтий Хэнтий Хэнтий | Хүүхдийн уншлагын танхим Хэнтий | Хүүхдийн уншлагын танхим 2024-06-12 26.325 У.431 HE0624216-3-1 3000.00 2024-06-12   11495 Ном
          Хэнтий Хэнтий Хэнтий | Хүүхдийн уншлагын танхим Хэнтий | Хүүхдийн уншлагын танхим 2024-06-12 26.325 У.431 HE0624216-3-2 3000.00 2024-06-12   12292 Ном